000 01244nam0a22002891 4500
001 rc\4016271
005 20130415130704.4
021 _aRU
_b[52-3016]
035 _a(NLR Aleph) 008083128
090 _a9136450
_c9136450
100 _a20130415d1952 |||y0rusy50 ca
101 0 _arus
102 _aRU
105 _aa z |||||
200 1 _aКоличественная оценка неровностей обработанных поверхностей
_fАкад. наук СССР. Ин-т машиноведения
210 _aМосква
_cИзд-во Акад. наук СССР
_d1952
215 _a132 с.
_cил.
_d26
300 _aПеред загл. авт.: П.Е. Дьяченко, В.Э. Вайнштейн, Б.С. Розенбаум
606 _aКачество поверхности при обработке металлов резанием
_xКонтроль
_2psbo
700 1 _aДьяченко
_bП. Е.
_f1902-
_gПетр Ефимович
701 1 _aВайнштейн
_bВ. Э.
_gВера Эдмундовна
701 1 _aРозенбаум
_bБ. С.
_gБелла Соломоновна
801 0 _aRU
_bNLR
_gpsbo
801 1 _aRU
_bELAR
_2rusmarc
852 _aNLR
_jТ36 Г-7/301
942 _cBOOK
980 _aNB